| 000 | 00569nam a2200229Ia 4500 | ||
|---|---|---|---|
| 003 | OSt | ||
| 005 | 20220924135650.0 | ||
| 006 | a|||||r|||| 00| 0 | ||
| 007 | ta | ||
| 008 | 220923b |||||||| |||| 00| 0 ben d | ||
| 024 | _a292040 | ||
| 037 | _cTextual | ||
| 040 |
_aARTS _cARTS _bben |
||
| 041 |
_2ben _aben |
||
| 082 | _aO157,1M29x, K3.2 | ||
| 100 |
_aMitra D. _9210585 |
||
| 245 | 0 | _aDinbandhu rachnabali | |
| 260 | _c1963 | ||
| 650 | _aBENGALI LITERATURE | ||
| 942 |
_hO157,1M29x, K3.2 _cTEXL _2CC |
||
| 999 |
_c441498 _d441498 |
||